Top notch practical guide Demystifying chemistry practicals (Record no. 3465)
| 000 -LEADER | |
|---|---|
| fixed length control field | 00410nam a22001337a 4500 |
| 008 - FIXED-LENGTH DATA ELEMENTS--GENERAL INFORMATION | |
| fixed length control field | 260116b |||||||| |||| 00| 0 eng d |
| 020 ## - INTERNATIONAL STANDARD BOOK NUMBER | |
| International Standard Book Number | 9789966099884 |
| 050 ## - LIBRARY OF CONGRESS CALL NUMBER | |
| Classification number | QD40 |
| Item number | .M33 2012 |
| 100 ## - MAIN ENTRY--PERSONAL NAME | |
| Personal name | Mbaluka, Thaddeus |
| 245 ## - TITLE STATEMENT | |
| Title | Top notch practical guide Demystifying chemistry practicals |
| Statement of responsibility, etc. | by Thaddeus Mbaluka |
| 260 ## - PUBLICATION, DISTRIBUTION, ETC. | |
| Place of publication, distribution, etc. | Kenya: |
| Name of publisher, distributor, etc. | Topnotch Educreations, |
| Date of publication, distribution, etc. | c2012. |
| 942 ## - ADDED ENTRY ELEMENTS (KOHA) | |
| Source of classification or shelving scheme | Library of Congress Classification |
| Koha item type | Books |
| Suppress in OPAC | No |
| Withdrawn status | Lost status | Source of classification or shelving scheme | Damaged status | Not for loan | Home library | Current library | Shelving location | Date acquired | Total checkouts | Total renewals | Full call number | Barcode | Date due | Date last seen | Date last checked out | Price effective from | Koha item type |
|---|---|---|---|---|---|---|---|---|---|---|---|---|---|---|---|---|---|
| Library of Congress Classification | 2nd Floor Main Library | Main Campus | General stacks | 01/16/2026 | 3 | 2 | QD40 .M33 2012 | 102110 | 05/27/2026 | 04/22/2026 | 04/22/2026 | 01/16/2026 | Books |
